00934nam a2200217 a 450000100100000000500170001000800410002704000250006810000260009324500550011925000110017426000540018530000210023949000490026050400730030959000750038283000550045704900090051295201780052199900170069900003535020200930074258.0111027s1953 fr 000 0 spa d aDO-SdBNPbspacBNPHU1 aLavelle, Louis96104213aLa dialectique du monde sensible /cLouis Lavelle. a9a ed. aParis :bPresses Universitaires de France,c1953. a271 p. ;c22 cm.1 aBibliothèque de philosophie contemporaine. aIncluye referencias bibliográficas y notas al pie de las páginas aPerteneció a la biblioteca personal de Juan Isidro Jimenes Grullón 0aBibliothèque de philosophie contemporaine961137 aBNPD 001050718RVaGRbGRcCTd2011-10-27iLF1l0o p35350-10r2020-06-25w2020-06-25y1zPerteneció a la biblioteca personal de Juan Isidro Jimenes Grullón.ZNo se presta c34841d34841